MARC

LEADER 00000nam0a2200000 4500
001 339468
005 20231102005139.0
035 |a (RuTPU)RU\TPU\book\365983 
090 |a 339468 
100 |a 20171221d1963 km y0rusy50 ca 
101 0 |a rus 
102 |a RU 
105 |a a z 001zy 
200 1 |a Экономическая эффективность автоматизации основных производственных процессов на нефтебазах  |e некоторые методические рекомендации  |f С. М. Польский  |g Центральный научно-исследовательский институт технико-экономических исследований по нефтяной, нефтехимической и газовой промышленности 
210 |a Москва  |c Изд-во ЦНИИТЭНефтегаза  |d 1963 
215 |a 70 с.  |c ил. 
320 |a Библиогр.: с. 68-69 
606 1 |a Нефтебазы и нефтесклады  |x Автоматизация  |x Эффективность  |2 stltpush  |3 (RuTPU)RU\TPU\subj\45541  |9 64739 
610 1 |a методические рекомендации 
610 1 |a производственные процессы 
610 1 |a техническая оснащенность 
610 1 |a классификация 
610 1 |a капитальные вложения 
610 1 |a средства автоматизации 
610 1 |a рентабельность 
675 |a 622.692.5  |v 4 
700 1 |a Польский  |b С. М.  |g Святослав Михайлович 
712 0 2 |a Центральный научно-исследовательский институт технико-экономических исследований по нефтяной, нефтехимической и газовой промышленности  |2 stltpush  |3 (RuTPU)RU\TPU\col\8503  |9 24537 
801 1 |a RU  |b 63413507  |c 20171221 
801 2 |a RU  |b 63413507  |c 20201029  |g RCR 
942 |c BK